| 000 | 00364pab a2200157 454500 | ||
|---|---|---|---|
| 008 | 180718b2005 xxu||||| |||| 00| 0 eng d | ||
| 100 | _aPiot, Peter | ||
| 245 | _aTuring the tide on AIDS in Asia | ||
| 260 | _c2005 | ||
| 300 | _ap.33-35. | ||
| 362 | _aJun | ||
| 650 | _aAIDS - Asia | ||
| 650 | _aAIDS | ||
| 773 | _aFar Eastern Economic Review | ||
| 909 | _a65551 | ||
| 999 |
_c65551 _d65551 |
||